[Event "FIDE Zonal 2.5"]
[Site "Villa Martelli-Vicente Lopez"]
[Date "2017.05.06"]
[Round "7"]
[White "Sosa, Tomas"]
[Black "Slipak, Sergio"]
[Result "1/2-1/2"]
[WhiteElo "2459"]
[BlackElo "2465"]
[Annotator "TA"]
[PlyCount "124"]
[EventDate "2017.??.??"]
[EventType "swiss"]
[EventCountry "ARG"]
[SourceTitle "playchess.com"]
[Source "ChessBase"]
[SourceQuality "1"]

{[%evp 19,124,40,43,-36,71,77,65,69,64,67,69,57,65,70,81,82,80,68,62,56,61,56,93,97,97,79,119,75,76,91,102,99,85,88,95,83,80,64,83,40,64,68,61,47,48,52,52,48,47,52,55,20,14,16,21,0,0,0,0,-8,-8,-8,-8,-8,0,0,0,7,8,8,8,8,8,8,8,8,8,8,8,8,8,8,8,8,8,8,8,8,8,0,8,0,8,8,8,8,8,8,8,8,8,8,8,8,8,8,8]} 1. e4 e5 2. Nf3 Nf6 3. d4 exd4 4. e5 Ne4 5. Qxd4 d5 6. exd6 Nxd6 7. Nc3 Nc6 8. Qf4 g6 9. Be3 Bg7 {C43: Petroff Defence: 3 d4} 10. O-O-O O-O {LiveBook: 7 Games} 11. g4 $146 (11. Bc5 $14) ({Predecessor:} 11. h4 h5 12. Bc5 Be6 13. Bb5 Qf6 14. Qxf6 Bxf6 15. Bxd6 cxd6 16. Ne4 Be7 17. Nxd6 {0-1 (55) Jones,G (2665)-Bu,X (2693) Helsingor 2014}) 11... Qf6 (11... Be6 $15) 12. Qxf6 $16 Bxf6 13. Nd5 Bd8 14. h3 Be6 15. Bg2 Bxd5 16. Rxd5 Bf6 17. c3 Rfe8 18. Re1 Re6 19. Bf4 Rae8 20. Rxe6 fxe6 21. Rd1 e5 22. Be3 Nc4 23. Nd2 Nxe3 24. fxe3 Bg5 25. Bxc6 bxc6 {[%mdl 4096] Endgame KRB-KRN} 26. Nc4 Rf8 27. Rd7 Rf3 28. Rxc7 Rxh3 29. Kd2 Rg3 30. Rxc6 Rxg4 31. Nxe5 Rg2+ 32. Kd3 $1 Rxb2 33. Rc8+ Kg7 34. Rc7+ Kf6 35. Nd7+ (35. Nf3 $5 {[%cal Rc7c6]} Rg2 36. Rxa7 $16) 35... Kf5 $1 {The position is equal.} 36. Rxa7 {Strongly threatening Ra5+.} Be7 37. Ra5+ Ke6 38. Ne5 Bd8 39. Nc4 (39. Ra8 $5 {[%cal Re5c4]} Kxe5 40. Rxd8 $11) 39... Bxa5 40. Nxb2 $11 {KB-KN} h5 {[%cal Bh7h5,Bh5h4][%mdl 32]} 41. c4 h4 {[#] Threatens to win with ...h3.} 42. Ke4 h3 43. Kf3 h2 44. Kg2 Bd2 45. Nd1 Kd6 46. Kxh2 Kc5 47. Kg3 Kxc4 48. Kf3 Kb4 49. Ke2 Bc1 50. Kd3 Ka3 51. Nc3 Bb2 52. e4 {[#] Black must now prevent Kc2.} Kb4 53. Nd5+ Ka3 54. Nc3 Kb4 55. Nd5+ (55. Ne2 {feels hotter.} Be5 56. Ke3 g5 57. Nd4 Bf6 58. Ne6) 55... Ka3 56. Ke3 (56. Kc4 $5 {[%cal Rd5c3]}) 56... Kxa2 57. Kf4 Kb3 58. Kg5 Kc4 59. Kxg6 Kc5 60. Kf5 Kd6 61. Ne3 {Threatening mate with Nc4+.} Ke7 62. e5 Bxe5 {Precision: White = 73%, Black = 77%.} 1/2-1/2

[Event "FIDE Zonal 2.5"]
[Site "Villa Martelli-Vicente Lopez"]
[Date "2017.05.06"]
[Round "7"]
[White "Pierrot, Facundo"]
[Black "Real De Azua, Ernesto"]
[Result "1/2-1/2"]
[WhiteElo "2392"]
[BlackElo "2478"]
[Annotator "TA"]
[PlyCount "82"]
[EventDate "2017.??.??"]
[EventType "swiss"]
[EventCountry "ARG"]
[SourceTitle "playchess.com"]
[Source "ChessBase"]
[SourceQuality "1"]

{[%evp 19,82,22,33,16,8,0,5,-25,6,-36,-43,-45,-43,-77,-69,-72,-58,-59,-52,-70,-36,-35,-49,-71,-72,-72,-68,-72,-68,-70,-32,-51,-46,-56,-41,-46,-20,-50,-47,-55,-62,-50,-8,-35,0,-54,0,-41,-33,-37,-28,-36,-27,-50,-19,-71,-52,-53,-51,-61,-62,-62,-62,-63,4]} 1. e4 e5 2. Nf3 Nc6 3. Bb5 a6 4. Ba4 Nge7 5. c3 g6 6. d4 {C70: Ruy Lopez: 3...a6 4 Ba4, Norwegian and Delayed Schliemann} exd4 7. cxd4 b5 8. Bb3 Bg7 9. O-O d6 10. h3 O-O {LiveBook: 61 Games} 11. Nc3 (11. Re1 Na5 12. Bc2 c5 13. Nc3 cxd4 14. Nxd4 {0-1 (27) Najer,E (2679)-Grischuk,A (2737) Doha 2016}) 11... Na5 12. Bc2 c5 13. Bf4 {[#]} Nc4 $146 ({Predecessor:} 13... cxd4 14. Nxd4 {0-1 (43) Burrows,M (2136)-Mikhalevski,V (2571) Caleta 2015}) 14. Rb1 cxd4 15. Nxd4 Bb7 16. Nde2 Rc8 17. Bb3 d5 (17... b4 $5 {[%cal Rb4c3]} 18. Na4 Bxe4 $15) 18. exd5 Nxd5 19. Nxd5 Qxd5 (19... Bxd5 {looks sharper.} 20. Nc3 Be6 21. Qe2 Re8 22. Qf3 Qd7) 20. Qxd5 Bxd5 21. Nc3 Be6 22. Rfe1 Rfe8 23. Bxc4 Bxc4 24. a3 a5 25. Rxe8+ Rxe8 26. Bd6 Re6 27. Rd1 Bb3 28. Rd3 Re1+ 29. Kh2 Bc4 30. Rd2 Bh6 31. Rd4 Bg7 (31... Bc1 $5 {[%cal Rc1b2]} 32. b3 Bxb3 33. Nxb5 h5 $15) 32. Rd2 $1 Bh6 33. Rd4 Bc1 34. b3 Bxb3 {[#] aiming for ...Bb2.} 35. Nxb5 Rd1 36. Re4 f5 37. Rd4 (37. Re8+ $11 Kf7 38. Re7+ Kf6 39. Rb7) 37... Rxd4 38. Nxd4 {Black is slightly better.} a4 39. g4 Bb2 40. Bc5 f4 41. g5 Bxd4 {Precision: White = 50%, Black = 68%.} (41... h5 $15) 1/2-1/2

[Event "FIDE Zonal 2.5"]
[Site "Villa Martelli-Vicente Lopez"]
[Date "2017.05.06"]
[Round "7"]
[White "De Dovitiis, Alejo"]
[Black "Krysa, Leandro"]
[Result "0-1"]
[WhiteElo "2327"]
[BlackElo "2517"]
[Annotator "TA"]
[PlyCount "46"]
[EventDate "2017.??.??"]
[EventType "swiss"]
[EventCountry "ARG"]
[SourceTitle "playchess.com"]
[Source "ChessBase"]
[SourceQuality "1"]

{[%evp 18,46,22,0,0,0,-9,-38,-40,-43,-61,-100,0,-79,0,2,-4,-240,-224,-224,-193,-457,-462,-447,-445,-528,-463,-484,-476,-1111,-1108]} 1. e4 e5 2. Nf3 Nc6 3. Bc4 Nf6 4. d4 exd4 5. O-O Bc5 6. e5 Ng4 7. Bxf7+ Kxf7 8. Ng5+ Kg8 9. Qxg4 Nxe5 10. Qe4 d6 {C56: Two Knights: 4 d4 exd4 5 0-0 Nxe4} 11. b4 $146 ({Predecessor:} 11. Qd5+ Kf8 12. f4 Qf6 13. Nd2 Ng4 14. Nde4 Qe7 15. Nxc5 dxc5 16. f5 Nf6 17. Ne6+ Bxe6 18. Qxb7 Bd5 {0-1 (18) Molina Garcia,A (2144)-Constantino Blazquez,C (1848) Parla 2008}) 11... Bb6 $1 {Threatening ...Qf6.} ({Not} 11... Bxb4 $2 12. Qd5+ (12. f4 Nf7 $15) 12... Kf8 13. f4 $18) 12. Qd5+ Kf8 {Black is slightly better.} 13. f4 Qf6 {Threatens to win with ...Ng4.} 14. Nd2 Nf7 ({Black should try} 14... Nc6 $17 15. Kh1 h6) 15. Bb2 {[#]} (15. a4 $11 a6 16. Kh1) 15... Qf5 (15... h6 $1 $17 {[%cal Rh6g5]} 16. Nxf7 (16. Nde4 Qf5 $17) 16... Qxf7) 16. Qb3 $11 h6 $36 {[%mdl 2048] Black has good play.} 17. Nc4 $2 (17. Ngf3 $11) 17... hxg5 $19 18. fxg5 Qg6 {Hoping for ...Be6.} 19. Rxf7+ $2 (19. Rae1 {was worth a try.}) 19... Qxf7 {Black is clearly winning.} 20. Rf1 Bf5 21. g4 d3+ 22. Nxb6 Qxb3 23. Rxf5+ {[#]} (23. axb3 $142 axb6 24. cxd3) 23... Qf7 $1 0-1

[Event "FIDE Zonal 2.5"]
[Site "Villa Martelli-Vicente Lopez"]
[Date "2017.05.07"]
[Round "8"]
[White "Vasquez Schroeder, Rodrigo"]
[Black "Pierrot, Facundo"]
[Result "0-1"]
[WhiteElo "2554"]
[BlackElo "2392"]
[Annotator "TA"]
[PlyCount "70"]
[EventDate "2017.??.??"]
[EventType "swiss"]
[EventCountry "ARG"]
[SourceTitle "playchess.com"]
[Source "ChessBase"]
[SourceQuality "1"]

{[%evp 25,70,38,54,0,25,0,15,0,48,68,72,42,42,-16,43,35,47,27,74,17,58,0,0,0,0,0,0,0,0,0,0,0,0,-35,0,-29,-43,-34,-33,-102,-43,-799,-771,-631,-285,-29990,-29991]} 1. d4 Nf6 2. c4 g6 3. f3 d5 4. cxd5 Nxd5 5. e4 Nb6 6. Nc3 Bg7 7. Be3 O-O 8. Qd2 Nc6 9. O-O-O Qd6 {D70: Grünfeld: Unusual White 3rd moves (met by ...d5)} 10. Nb5 Qd7 11. Kb1 Rd8 12. d5 a6 13. Nc3 Qe8 {LiveBook: 29 Games} 14. Qe1 ({White should play} 14. Qc1 $14 Ne5 15. Nge2) 14... Ne5 {[#]} 15. Bd4 $146 ({Predecessor:} 15. Be2 e6 16. Bxb6 cxb6 17. f4 {1-0 (54) Aronian,L (2825)-Caruana,F (2770) Moscow 2012}) 15... e6 $1 {[%cal Re6d5]} 16. f4 Nec4 {[%cal Re6d5]} 17. Bxg7 Kxg7 18. Bxc4 Nxc4 19. Qf2 ({White should try} 19. Nf3 $14) 19... b5 (19... exd5 $11 20. Qd4+ f6) 20. Nf3 $1 $14 Bb7 21. Rhe1 Qe7 {[#]} 22. Ka1 (22. g4 $1 $16) 22... c5 23. b3 (23. Ne5 $14) 23... Nb6 $1 $11 {White should prevent ...b4.} 24. dxe6 b4 25. Nd5 Bxd5 26. exd5 Nxd5 27. exf7 Qf6+ $1 28. Ne5 {Black must now prevent g3.} Nxf4 29. Qb2 Ne6 30. Rxd8 Rxd8 31. g4 Nd4 {Strongly threatening ...Rd5.} 32. Kb1 ({Better is} 32. Qg2 $1 $15) 32... Nb5 (32... Rd5 $17 33. Nd3 g5) 33. Qg2 $2 {[%mdl 8192] [#]} (33. Ka1 $15 Nc3 34. Qg2) 33... Na3+ $1 $19 ({Not} 33... Nc3+ 34. Ka1 $15) 34. Kb2 c4 (34... Qf4 $142 {( -> ...Qd4+)} 35. Nf3 c4 36. f8=Q+ Kxf8) 35. Re2 $2 (35. f8=B+ $19 Kxf8 36. Qf1 Rd2+ 37. Kc1 Rc2+ 38. Kd1) 35... c3+ {Precision: White = 27%, Black = 39%.} 0-1

[Event "FIDE Zonal 2.5"]
[Site "Villa Martelli-Vicente Lopez"]
[Date "2017.05.07"]
[Round "8"]
[White "Real De Azua, Ernesto"]
[Black "Sosa, Tomas"]
[Result "1/2-1/2"]
[WhiteElo "2478"]
[BlackElo "2459"]
[Annotator "TA"]
[PlyCount "46"]
[EventDate "2017.??.??"]
[EventType "swiss"]
[EventCountry "ARG"]
[SourceTitle "playchess.com"]
[Source "ChessBase"]
[SourceQuality "1"]

{[%evp 10,46,68,51,65,43,57,45,60,30,35,15,6,4,14,6,16,22,20,18,38,39,40,35,35,33,15,24,30,21,46,22,58,64,58,58,65,50,50]} 1. d4 d6 2. Nf3 Nf6 3. c4 Bf5 4. Nc3 h6 5. g3 c6 6. Bg2 Nbd7 {A53: Old Indian Defence without Nf3} 7. O-O (7. d5 {feels hotter.} e5 8. Nh4 Bh7 9. dxc6 bxc6 10. Bxc6 Rc8 11. Bb5) 7... Ne4 $146 ({Predecessor:} 7... g5 8. h4 g4 9. Ne1 Bg7 10. e4 Bg6 11. Be3 O-O 12. Nd3 e5 13. d5 cxd5 14. cxd5 {½-½ (56) Hera,I (2564)-Ivanisevic,I (2638) Hungary 2013}) 8. Qb3 Nxc3 9. Qxc3 e6 10. Nd2 Be7 11. b3 O-O 12. Bb2 Bh7 13. Rad1 a5 14. a3 Bf6 15. Ne4 d5 16. Nxf6+ Nxf6 17. a4 b5 18. axb5 cxb5 19. c5 b4 20. Qd2 a4 21. bxa4 $1 {White is slightly better.} ({But not} 21. Qxb4 Qb8 $11) 21... Rxa4 22. Ra1 Qd7 23. Rxa4 Qxa4 {Precision: White = 79%, Black = 60%.} 1/2-1/2

[Event "FIDE Zonal 2.5"]
[Site "Villa Martelli-Vicente Lopez"]
[Date "2017.05.07"]
[Round "8"]
[White "Slipak, Sergio"]
[Black "Salinas Herrera, Pablo"]
[Result "0-1"]
[WhiteElo "2465"]
[BlackElo "2453"]
[Annotator "TA"]
[PlyCount "110"]
[EventDate "2017.??.??"]
[EventType "swiss"]
[EventCountry "ARG"]
[SourceTitle "playchess.com"]
[Source "ChessBase"]
[SourceQuality "1"]

{[%evp 9,110,9,17,6,5,4,14,0,0,4,8,0,0,-15,-2,-10,-10,-12,-6,-10,-16,-4,0,-4,6,0,0,-10,0,0,0,-18,0,-31,-25,-42,-43,-38,-39,-75,-9,-44,-23,-32,-24,-18,-19,-19,-23,-31,-3,-15,-21,-9,24,-31,-8,-3,-10,-113,-113,-237,-258,-224,-118,-132,-151,-148,-127,-143,-142,-213,-213,-232,-218,-229,-232,-220,-214,-278,-277,-327,-259,-266,-193,-193,-184,-381,-365,-466,-434,-860,-602,-1469,-1443,-1400,-2694,-2005,-1947,-29991,-12847,-29977,-29978]} 1. e4 c5 2. Nf3 d6 3. c3 Nf6 4. h3 Nbd7 (4... g6 5. Bd3 Bg7 6. Bc2 e5 7. d4 cxd4 8. cxd4 exd4 9. Nxd4 O-O 10. O-O Nc6 11. Be3 Re8 12. Nc3 d5 13. exd5 Nxd5 14. Nxd5 Nxd4 15. Bxd4 Qxd5 16. Bxg7 Qxd1 17. Rfxd1 Kxg7 {½-½ (25) Andreikin,D (2736)-Artemiev,V (2663) Sochi 2016}) 5. d3 b6 6. g3 $146 {B50: Sicilian: 2...d6, Miscellaneous} ({Predecessor:} 6. Be3 e6 7. Nbd2 Be7 8. d4 cxd4 9. cxd4 Bb7 10. Bd3 O-O 11. O-O d5 12. e5 {1-0 (36) Rathnakaran,K (2398)-Kiran,M (2243) Bhubaneswar 2014}) 6... Bb7 7. Bg2 c4 8. dxc4 {The position is equal.} Bxe4 9. O-O e6 10. Bf4 Qc7 11. Na3 a6 $1 12. Re1 Bb7 13. Nd4 Bxg2 14. Kxg2 Ne5 15. Qa4+ Qd7 16. Qxd7+ Nfxd7 17. Rad1 Rc8 18. b3 Be7 19. Nac2 g5 20. Bc1 Nc5 21. Re2 h5 22. Nf3 Nxf3 23. Kxf3 f5 24. Be3 Kf7 (24... Ne4 $17 25. Bd4 (25. Bxb6 Nxc3 26. Bd4 Nxd1 $17) 25... g4+ 26. hxg4 hxg4+ 27. Kg2 Rh5) 25. Rde1 {next Bxc5 is good for White.} Rh6 26. h4 Rg6 27. hxg5 Bxg5 28. Rh1 Rh8 29. Bd4 Rh7 (29... e5 $5 {[%cal Re5d4]} 30. Bxc5 e4+ 31. Kg2 dxc5 $15) 30. Bxc5 bxc5 31. b4 Bf6 32. Re3 (32. Rd2 $11) 32... Rg4 {Strongly threatening ...cxb4.} 33. Rd1 Be7 {With the idea ...cxb4.} 34. Na3 (34. Red3 $11 {keeps the balance.}) 34... h4 $17 35. b5 (35. gxh4 $17 Rhxh4 36. b5) 35... hxg3 $19 36. fxg3 Rh3 (36... e5 $19 37. Kg2 f4) 37. Kg2 $17 Rh8 38. bxa6 {[#]} Ra8 $1 $36 {[%mdl 2048] Keeping White busy.} 39. Nb5 Rxa6 40. Re2 (40. a4 $17 {keeps fighting.}) 40... Rxc4 $19 41. Rde1 {[#]} Re4 $1 {[%mdl 512]} 42. Rxe4 fxe4 43. Rxe4 Rxa2+ {[%mdl 4096] Endgame KRB-KRN} 44. Kf3 {[#]} d5 $1 {[%cal Rd5e4,Bd6d5,Bd5d4,Bd4d3,Bd3d2][%mdl 32]} 45. Re1 Rc2 46. Kg4 Rf2 47. c4 d4 48. Re4 $2 (48. Nc7) 48... Rc2 49. Kf4 Rxc4 50. Ke5 (50. Re1 $142) 50... Bf6+ 51. Kd6 {[#]} d3 $1 {[%mdl 512]} 52. Re3 d2 53. Rd3 Bg5 54. Ke5 Rc1 (54... Ke7 $142 55. Nd4 Rxd4 56. Rxd4 cxd4 57. Kxd4 Kd6 58. g4 d1=Q+ 59. Kc3 Qd2+ 60. Kb3 Kc5 61. Ka3 Kc4 62. Ka4 Qb4#) 55. Nd6+ Kg6 {Precision: White = 33%, Black = 69%.} 0-1

[Event "FIDE Zonal 2.5"]
[Site "Villa Martelli-Vicente Lopez"]
[Date "2017.05.07"]
[Round "8"]
[White "Valenzuela Fuentealba, Luis"]
[Black "Krysa, Leandro"]
[Result "0-1"]
[WhiteElo "2460"]
[BlackElo "2517"]
[Annotator "TA"]
[PlyCount "70"]
[EventDate "2017.??.??"]
[EventType "swiss"]
[EventCountry "ARG"]
[SourceTitle "playchess.com"]
[Source "ChessBase"]
[SourceQuality "1"]

{[%evp 17,70,0,0,14,12,14,22,-15,3,-9,-13,-12,-5,-6,-20,-3,0,-9,-6,-87,-88,-180,-179,-198,-200,-706,-687,-656,-620,-871,-857,-903,-809,-817,-756,-739,-730,-997,-723,-1396,-1281,-1550,-1522,-1460,-1055,-1563,-1118,-1295,-1255,-1343,-1332,-1850,-1222,-1169,-697]} 1. d4 Nf6 2. Nf3 g6 3. g3 Bg7 4. Bg2 d5 5. c4 dxc4 6. Na3 c3 7. bxc3 c5 8. O-O O-O 9. Qb3 Nc6 {LiveBook: 74 Games. D77: Fianchetto Grünfeld: 6 0-0: Replies other than 6...c6} (9... Be6 10. Qxb7 Bd5 11. Qb2 Nc6 12. Bf4 Nh5 13. Nc2 Nxf4 14. gxf4 Rb8 15. Qa3 cxd4 16. Ncxd4 Nxd4 17. cxd4 Bxf3 18. Bxf3 Qxd4 19. e3 Qb4 {½-½ (19) Karpov,A (2619)-Bacrot,E (2730) Cap d'Agde 2013}) 10. Rd1 cxd4 11. cxd4 Be6 {The position is equal.} 12. Qb2 $146 ({Predecessor:} 12. Qxb7 Bd5 13. Qa6 Nb4 14. Qa4 Nxa2 15. Bd2 Ne4 16. Ba5 Nac3 17. Bxd8 Nxa4 {½-½ (33) Kuljasevic,D (2528)-Esserman,M (2425) Lubbock 2011}) 12... Bd5 13. Nb5 Ne4 14. Bf4 Rc8 15. Ne5 a6 $36 {[%mdl 2048] Black is more active.} 16. Bxe4 Bxe4 17. Nc3 Bf5 18. Qxb7 (18. e4 $11 Be6 19. Nxc6 Rxc6 20. Be5) 18... Nxd4 $17 19. Nd5 (19. Qb4 $17 {might work better.} a5 20. Qxd4 Qxd4 21. Rxd4 Rxc3 22. Rd5) 19... Nxe2+ $19 20. Kf1 Nxf4 21. Nf6+ $2 {[#]} (21. gxf4 Re8 22. Nf6+ Bxf6 23. Rxd8 Rexd8 24. a3) 21... exf6 {Black is clearly winning.} 22. Rxd8 Rcxd8 23. Nc6 Rd7 24. Qb6 Bd3+ 25. Kg1 Ne2+ 26. Kg2 f5 27. Rh1 Rc8 28. f3 Bb5 29. Nb4 Bd4 30. Qa5 Rc5 31. Qa3 Rc4 32. Re1 Re7 33. Nd3 Re6 34. Qa5 Bc3 35. Qd8+ Re8 {Precision: White = 33%, Black = 84%.} 0-1

[Event "FIDE Zonal 2.5"]
[Site "Villa Martelli-Vicente Lopez"]
[Date "2017.05.07"]
[Round "8"]
[White "Valerga, Diego"]
[Black "Mareco, Sandro"]
[Result "0-1"]
[WhiteElo "2460"]
[BlackElo "2655"]
[Annotator "TA"]
[PlyCount "78"]
[EventDate "2017.??.??"]
[EventType "swiss"]
[EventCountry "ARG"]
[SourceTitle "playchess.com"]
[Source "ChessBase"]
[SourceQuality "1"]

{[%evp 19,78,0,27,18,16,6,12,0,16,0,9,14,10,9,0,-28,-28,-52,-40,-52,-49,-52,-16,-72,-91,-79,-67,-89,-88,-89,-82,-99,-72,-138,-72,-129,-118,-121,-124,-203,-137,-136,-120,-266,-254,-268,-253,-244,-225,-232,-112,-604,-571,-570,-543,-767,-533,-2147,-718,-29992,-29993]} 1. e4 c5 2. Nf3 d6 3. d4 cxd4 4. Nxd4 Nf6 5. Nc3 a6 6. Be2 e5 7. Nb3 Be7 8. O-O O-O 9. Bf3 {B92: Sicilian Najdorf: 6 Be2} (9. Kh1 b6 10. f3 Bb7 11. a4 Nc6 12. Bg5 Nb4 13. Nb1 h6 14. Bxf6 Bxf6 15. Na3 Qc7 16. c3 Nc6 17. Nc4 Rfd8 18. Qd3 Ne7 19. Qe3 {½-½ (39) Ivanchuk,V (2747)-Vachier Lagrave,M (2804) Doha 2016}) 9... Be6 10. Re1 Nbd7 {LiveBook: 200 Games} 11. a4 {[%cal Ba2a4,Ba4a5][%mdl 32] White has an edge.} Qb8 12. a5 Rc8 13. Bd2 $146 ({Predecessor:} 13. Be3 Bd8 14. Be2 Rc6 15. Bd3 b5 16. axb6 Bxb6 17. Bxb6 Rxb6 {0-1 (61) Kosteniuk,A (2554)-Ushenina,A (2450) Huaian 2016}) 13... Qc7 14. Nc1 h6 15. Nd3 b6 16. axb6 Nxb6 17. Nb4 a5 {[%cal Ba6a5,Ba5a4][%mdl 32]} 18. Nbd5 Nfxd5 19. Nxd5 Nxd5 20. exd5 Bd7 21. Bc3 (21. Be2 $11) 21... a4 $17 22. Ra3 Qc5 23. g3 Bd8 24. Qd2 Bb6 25. b4 Qc7 26. Bd1 (26. Rc1 $142) 26... Bb5 (26... f5 $142 27. Qe2 Qc4 28. Qxc4 Rxc4) 27. Bb2 (27. Be2 $142 Bxe2 28. Rxe2) 27... Qd7 28. c3 f5 29. Be2 {[#]} (29. Qc2 $17) 29... f4 $1 {[%mdl 512]} 30. Bxb5 (30. gxf4 Rf8) 30... Qxb5 31. gxf4 {[#]} (31. Kg2 $17) 31... Rc4 $1 $19 {[%cal Rc4f4]} 32. Qe2 ({Wrong is} 32. fxe5 $2 Rg4+ 33. Kh1 {[#]} Bxf2 $1 $19 {[%mdl 512]}) 32... Rf8 ({Resist} 32... Qxd5 33. Bc1 $19) 33. Bc1 Qxd5 {And now ...Rf6 would win.} 34. Rd1 Qe6 (34... Qc6 $19 {is more deadly. ...Rf6 is the strong threat.} 35. Qd3 exf4 36. Qd5+ Qxd5 37. Rxd5 f3) 35. Rxd6 $2 {[%mdl 8192]} (35. Kh1 $17) 35... Qxd6 36. Qxc4+ Kh8 37. Qf1 exf4 38. Ra2 f3 (38... Rf6 $142 39. Qe2 Rg6+ 40. Kf1 Qc6) 39. Be3 Bc7 {Precision: White = 28%, Black = 84%.} 0-1

[Event "FIDE Zonal 2.5"]
[Site "Villa Martelli-Vicente Lopez"]
[Date "2017.05.07"]
[Round "8"]
[White "Heinechen, Juan"]
[Black "Peralta, Fernando"]
[Result "0-1"]
[WhiteElo "1988"]
[BlackElo "2565"]
[Annotator "TA"]
[PlyCount "108"]
[EventDate "2017.??.??"]
[EventType "swiss"]
[EventCountry "ARG"]
[SourceTitle "playchess.com"]
[Source "ChessBase"]
[SourceQuality "1"]

{[%evp 16,108,68,74,62,43,91,31,103,85,79,76,56,53,62,42,81,91,73,68,60,56,56,53,62,14,48,43,57,32,37,24,20,28,14,-7,0,-29,-20,-19,-13,-55,-60,-52,-52,-115,-120,-537,-535,-527,-529,-558,-546,-972,-929,-1072,-1053,-1632,-788,-968,-573,-918,-725,-685,-573,-573,-573,-546,-489,-558,-493,-587,-563,-563,-558,-652,-637,-761,-758,-1035,-1022,-984,-979,-1527,-1499,-1437,-1419,-1377,-1250,-6154,-6045,-6049,-5679,-29976,-29978]} 1. e4 d6 2. d4 Nf6 3. Nc3 g6 4. Bg5 Bg7 5. Qd2 h6 6. Bf4 g5 {B07: Pirc Defence: Miscellaneous Systems} 7. Be3 Ng4 8. h4 Nxe3 9. Qxe3 {LiveBook: 3 Games} g4 10. O-O-O e6 $146 ({Predecessor:} 10... Nc6 11. Nge2 h5 12. Kb1 e6 13. f4 gxf3 14. gxf3 {1-0 (33) Kovalev,V (2598)-Carrasco Martinez,J (2352) Lisbon 2017}) 11. f4 (11. Kb1 $16) 11... gxf3 (11... O-O $14) 12. Nxf3 Qe7 13. Kb1 Nd7 14. g4 a6 15. Ne2 {[%cal Bc3e2,Be2g3,Bg3h5][%mdl 32]} Nb6 16. Ng3 Bd7 17. Nh5 Bf8 18. Rg1 O-O-O 19. Bd3 Kb8 20. c4 e5 21. d5 Bc8 22. Qf2 Rg8 {[%cal Bh8g8,Bg8g6,Bg6f6,Bf6f4][%mdl 32]} 23. Nh2 Bg7 24. Rdf1 Rdf8 25. Be2 Bh8 26. a3 Nd7 27. b4 Rg6 28. Qg3 Nf6 29. Nxf6 Rxf6 ({Don't play} 29... Bxf6 30. g5 $11) 30. g5 ({White should try} 30. Rxf6 $15 Bxf6 31. Nf3) 30... Rf4 $1 $17 {[%cal Rf4e4]} 31. Rxf4 $4 {[%mdl 8192] [#]} (31. Qe3 $17 {is a better chance.}) 31... exf4 $19 32. Qxf4 Be5 33. Qf2 Bxh2 34. Qxh2 Qxe4+ 35. Kb2 Qd4+ 36. Kb3 Re8 (36... Qe3+ $142 37. Kc2 Bf5+ 38. Kd1 Re8) 37. Rg3 hxg5 38. hxg5 Qd2 39. Rd3 Qxe2 40. Qxe2 Rxe2 {[%mdl 4096] Endgame KRB-KR} 41. Rf3 Re7 42. Rf6 Bg4 43. g6 fxg6 44. Rxg6 Bf3 45. Rg8+ Ka7 46. Rd8 b5 47. c5 Bxd5+ 48. Kc3 Re6 49. cxd6 Rxd6 50. Rc8 Kb7 51. Rh8 Bc4 52. Rh7 Rd3+ 53. Kb2 Rb3+ 54. Kc2 Bd3+ {Precision: White = 35%, Black = 81%.} 0-1

[Event "FIDE Zonal 2.5"]
[Site "Villa Martelli-Vicente Lopez"]
[Date "2017.05.08"]
[Round "9"]
[White "Mareco, Sandro"]
[Black "Pierrot, Facundo"]
[Result "1/2-1/2"]
[WhiteElo "2655"]
[BlackElo "2392"]
[Annotator "TA"]
[PlyCount "29"]
[EventDate "2017.??.??"]
[EventType "swiss"]
[EventCountry "ARG"]
[SourceTitle "playchess.com"]
[Source "ChessBase"]
[SourceQuality "1"]

{[%evp 16,17,16,22]} 1. Nf3 Nf6 2. c4 c5 3. Nc3 Nc6 4. d4 cxd4 5. Nxd4 e6 6. a3 Be7 7. e4 O-O {A33: Symmetrical English: 2 Nf3 Nf6 3 d4 cxd4 4 Nxd4 e6 5 Nc3 Nc6} 8. Nf3 (8. Be2 d5 9. exd5 exd5 10. O-O Nxd4 11. Qxd4 dxc4 12. Qxd8 Rxd8 13. Bxc4 Bf5 14. Re1 Kf8 15. h3 Rac8 16. Ba2 Bc5 17. Bb1 Bxb1 18. Rxb1 {0-1 (48) Edouard,R (2626)-Vachier Lagrave,M (2803) chess.com INT 2017}) 8... Qa5 9. Bd3 {LiveBook: 9 Games} {Predecessor:} d5 $146 10. exd5 exd5 11. cxd5 Nxd5 12. Bxh7+ Kxh7 13. Qxd5 Qa6 14. Qb5 Qxb5 15. Nxb5 {1-0 (81) Malakhov,V (2699)-Landa,K (2627) Kaliningrad 2015} 1/2-1/2